New challenges to policing (Record no. 95779)

000 -LEADER
fixed length control field 00358pab a2200145 454500
008 - FIXED-LENGTH DATA ELEMENTS--GENERAL INFORMATION
fixed length control field 180718bOct 2011 - Jan 2012 xxu||||| |||| 00| 0 eng d
100 ## - MAIN ENTRY--PERSONAL NAME
Personal name Narayanan, M.K.
245 ## - TITLE STATEMENT
Title New challenges to policing
260 ## - PUBLICATION, DISTRIBUTION, ETC.
Date of publication, distribution, etc. Oct 2011 - Jan 2012
300 ## - PHYSICAL DESCRIPTION
Extent p.4-11.
650 ## - SUBJECT ADDED ENTRY--TOPICAL TERM
Topical term or geographic name entry element Police
773 ## - HOST ITEM ENTRY
Main entry heading Indian Police Journal
908 ## - PUT COMMAND PARAMETER (RLIN)
Put command parameter N
909 ## -
-- 95779
Holdings
Withdrawn status Lost status Damaged status Not for loan Permanent Location Current Location Date acquired Serial Enumeration / chronology Barcode Date last seen Price effective from Koha item type
        Indian Institute of Public Administration Indian Institute of Public Administration 2018-07-19 Volume no: 58, Issue no: 4 AR96239 2018-07-19 2018-07-19 Articles

Powered by Koha